Представление документа в формате RUSMARC

ПолеНазваниеЗначение
  Тип записи a
  Библиографический уровень m
001 Контрольный номер RU/SLIB/B/208743961
005 Дата корректировки 20260127112224.3
010 Индекс ISBN __
a ISBN 5-7815-1672-7
d Цена 67-00
100 Данные общей обработки __
a Данные общей обработки 20260127d1992 m y0rusy028902 ca
101 Язык документа 0_
a Язык текста rus
102 Страна публикации __
a Страна публикации RU
105 Кодированные данные (монография) __
a Кодированные данные (монография) y z 000yy
181 Поле кодированных данных: вид содержания _0
a Код вида содержания (ISBD) i
182 Поле кодированных данных: тип средства _0
a Код типа средства (ISBD) n
200 Заглавие и сведения об ответственности 0_
a Заглавие Прорыв к творчеству: Ваше сверхчувственное восприятие
f Первые сведения об ответственности Ш. Карагулла
203 Вид содержания и тип средства __
a Вид содержания Текст
c Тип средства непосредственный
210 Выходные данные 1_
a Место издания Минск
c Издательство Сантана
d Дата издания 1992
215 Физическое описание __
a Объем 240 с.
330 Аннотация __
a Аннотация В книге увлекательно рассказано о сверхчувственном восприятии человека: предвидении, ясновидении, вещих снах, о возможности по биополю человека определить его заболевание и оказать помощь.
606 Тематические рубрики __
a Основная рубрика Психология
2 Код системы nlr_sh
606 Тематические рубрики __
a Основная рубрика Особые состояния и явления психики
2 Код системы nlr_sh
610 Ключевые слова 0_
a Ключевые слова экстрасенсорика; ясновидение; вещие сны; биополе; лечение болезней
686 Индексы других классификаций __
a Классификационный индекс 88.288; ст88.28
2 Код системы rubbks
700 Автор _1
a Фамилия Карагулла
b Имя Ш.
4 Код отношения 070
801 Источник записи _0
a Страна RU
b Организация Муниципальное бюджетное учреждение культуры "Централизованная библиотечная система" г. Сургут (Центральная городская библиотека им. А. С. Пушкина)
g Правила каталогизации PSBO
c Дата составления 20030825
801 Источник записи _1
a Страна RU
b Организация Муниципальное бюджетное учреждение культуры "Централизованная библиотечная система" г. Сургут (Центральная городская библиотека им. А. С. Пушкина)
g Правила каталогизации PSBO
c Дата составления 20030825
852 Данные о местонахождении __
j Шифр хранения 88.288
c Каталожный индекс 88.6
i Авторский знак К 21
p Инвентарный номер 47064
901 Тип документа __
t Тип документа m
a Ответственный КиК/Котельникова
901 Тип документа __
a Ответственный СКБР2026
903 Характеристики (МАРС) __
a Дата передачи 20030825
c Наименование библиотеки (МАРС) Муниципальное бюджетное учреждение культуры "Централизованная библиотечная система" г. Сургут (Центральная городская библиотека им. А. С. Пушкина)
990 Данные о заказе (DOS) __
j Количество экземпляров (DOS) 1
t N записи в КСУ для И/У (DOS) 199301